Lataa...

Engineering machanics/

Bibliografiset tiedot
Päätekijä: Timoshenko S
Aineistotyyppi: Printed Book
Julkaistu: Singapore M H 1956
Aiheet:
LEADER 00453 a2200121 4500
082 |2 4th  |a 537.5 TIM/E 
100 |q Timoshenko S 
245 |a Engineering machanics/  |c by S Timoshenko and D H Young 
260 |a Singapore  |b M H  |c 1956 
600 |q Young D H  |t Engineering machanics/ 
942 |2 ddc  |c BK 
999 |c 166446  |d 166446 
952 |0 0  |1 0  |2 ddc  |4 0  |6 537_500000000000000_TIM_E  |7 0  |9 183733  |a PHY  |b PHY  |c ST1  |d 2010-04-22  |i 2862  |l 0  |o 537.5 TIM/E  |p PHY2862  |r 2010-04-22  |w 2010-04-22  |y BK